| 000 | 01533nam a2200289 a 4500 | ||
|---|---|---|---|
| 008 | 120223s2010 ||||||||||||||||| || u | ||
| 020 | _a9780702033728 | ||
| 050 | _aQP 187 Hin | ||
| 100 | _aRaven, Peter | ||
| 245 | 1 | 4 |
_aThe Endocrine system: basic science and clinical conditions. (2nd ed.) _cby Joy Hinson, Peter Raven and Shern Chew |
| 250 | _a2nd ed. | ||
| 260 |
_aOxford _bChurchill Livingstone/Elsevier _c2010 |
||
| 300 | _a[iv], 185p.: ill. | ||
| 350 | _a0.00 | ||
| 490 | _aSystems of the body | ||
| 650 | _aENDOCRINOLOGY--TEXTBOOKS | ||
| 650 | _aENDOCRINE GLANDS--TEXTBOOKS | ||
| 650 | _aENDOCRINE GLANDS--DISEASES--TEXTBOOKS | ||
| 650 | _aENDOCRINE SYSTEM--PHYSIOLOGY | ||
| 650 | _aPHYSIOLOGY | ||
| 700 | _aChew, Shern | ||
| 700 | _aHinson, Joy | ||
| 995 |
_aMEDICAL LIBRARY OPEN ACCESS _e902616 _FCBU-SCHOOL OF MEDICINE LIBRARY (Ndola) _I0.00 _jQP 187 Hin _M3 _UAVAILABLE _WFeb 10, 2015 _y902616 _ZMedical Library Open Access Collection |
||
| 995 |
_aMEDICAL LIBRARY OPEN ACCESS _e902168 _FCBU-SCHOOL OF MEDICINE LIBRARY (Ndola) _I0.00 _jQP 187 Hin _M2 _UAVAILABLE _WAug 21, 2013 _y902168 _ZMedical Library Open Access Collection |
||
| 995 |
_aMICHAEL CHILUFYA SATA OPEN ACCESS _e903320 _FCBU-SCHOOL OF MEDICINE LIBRARY (Ndola) _I0.00 _jQP 187 Hin _M4 _UAVAILABLE _WJan 18, 2016 _y903320 _ZMedical Library Open Access Collection |
||
| 995 |
_aMICHAEL CHILUFYA SATA OPEN ACCESS _D0.00 _e901647 _FCBU-SCHOOL OF MEDICINE LIBRARY (Ndola) _H1 _I0.00 _jQP 187 Hin _M1 _UAVAILABLE _WMar 21, 2012 _y901647 _ZMedical Library Open Access Collection |
||
| 999 |
_c63813 _d63813 |
||